Introduction to Switching Circuit Theory / (Record no. 566)
[ view plain ]
| 000 -LEADER | |
|---|---|
| fixed length control field | 00439nam a2200145 a 4500 |
| 020 ## - INTERNATIONAL STANDARD BOOK NUMBER | |
| ISBN | 0070233101 (hardcover) |
| 020 ## - INTERNATIONAL STANDARD BOOK NUMBER | |
| ISBN | 9780070233102 (hardcover) |
| 100 1# - MAIN ENTRY--AUTHOR NAME | |
| Personal name | Givone, Donald D. |
| 245 10 - TITLE STATEMENT | |
| Title | Introduction to Switching Circuit Theory / |
| 260 ## - PUBLICATION, DISTRIBUTION, ETC. (IMPRINT) | |
| Place of publication | [S.l.] : |
| Name of publisher | McGraw-Hill Inc.,US, |
| Year of publication | 1970. |
| 300 ## - PHYSICAL DESCRIPTION | |
| Number of Pages | 448 p. ; |
| 650 ## - SUBJECT ADDED ENTRY--TOPICAL TERM | |
| Topical Term | Switching theory |
| 856 40 - ELECTRONIC LOCATION AND ACCESS | |
| Uniform Resource Identifier | http://www.amazon.com/exec/obidos/ASIN/0070233101/chopaconline-20 |
| 942 ## - ADDED ENTRY ELEMENTS (KOHA) | |
| Koha item type | Books |
| Withdrawn status | Lost status | Home library | Current library | Date acquired | Cost, normal purchase price | Full call number | Accession Number | Koha item type |
|---|---|---|---|---|---|---|---|---|
| Book Bank Section | Book Bank Section | 25/04/2014 | 50.00 | 621.38195GIV | B1044 | Books | ||
| Book Bank Section | Book Bank Section | 25/04/2014 | 50.00 | 621.38195GIV | B1045 | Books | ||
| Book Bank Section | Book Bank Section | 12/02/2020 | 26.00 | 621.3193GIV | B1932 | Books | ||
| Book Bank Section | Book Bank Section | 12/02/2020 | 26.00 | 621.3193GIV | B1933 | Books | ||
| Book Bank Section | Book Bank Section | 12/02/2020 | 26.00 | 621.3193GIV | B1934 | Books | ||
| Book Bank Section | Book Bank Section | 12/02/2020 | 26.00 | 621.3193GIV | B1935 | Books | ||
| Book Bank Section | Book Bank Section | 12/02/2020 | 26.00 | 621.3193GIV | B1936 | Books | ||
| Central Library, QUEST, Nawabshah | Central Library, QUEST, Nawabshah | 09/04/2015 | 50.00 | 621.38195GIV | 8884 | Books | ||
| Central Library, QUEST, Nawabshah | Central Library, QUEST, Nawabshah | 09/04/2015 | 50.00 | 621.38195GIV | 8885 | Books |